00466nam a2200181 a 4500001001300000003000900013005001700022008004100039020002300080082001300103100001600116245002400132260003600156300000900192500003500201650002400236650002400260nice12345678IN_TiNIC20260116014153.0070927s2005 dela grp 000 0 eng  a8171699057 c70000a157bSHU aShukla, K C aAbnormal Psychology aDelhi bCommenwealth Pub c2005 a298p aincludes index and biblioraphy aPsychology-Abnormal aAbnormal Psychology